000 01630nam a2200349 c 4500
003 BLK
005 20180422115239.0
008 180411b bul|||||r ||||||| ||bul||
010 _aKNG00191729000
020 _a978-619-90549-2-5
_bиздат.: Минерва
040 _aBLK
041 _aBUL
_cBUL
072 7 _2bullib
_aН83
_xЧужда художествена литература Н
080 _aНемска литература
_b821.112.2
_x-94
_z821.112.2-94
080 _aЕмигранти. Прогонени. - Доброволни и принудени емигранти:бежанци, евакуирани, бегълци, дисиденти, депортирани и др
_b325.25
_x(430)(0:82-9)
_z325.25(430)(0:82-9)
100 1 _aФрич, Родигер фон
_eпърви автор
_9343038
700 1 _aПопова, Екатерина
_eпрев.
_9364853
139 _aФрич, Родигер фон
_bФ 84
245 1 0 _aПечат към свободата
_bБягство от Германия към Германия
_cРодигер фон Фрич; прев. Екатерина Попова.
257 _aDEU
260 София
_bМинерва
_c2016
300 _a224 с.
_bсъс сн., факс.
_c21 см
380 _a3
500 _aОриг. загл. Die Sache mit Tom / Rudiger von Fritsch. - Съдържа и за авт.
653 _aспомени
659 _aН
852 _aЦб 282559
856 4 _qpdf
_u
856 4 _qpdf
_u
942 _cKNG
_n0
944 _aCR
_c06.10.2016
_lф /
_kВиолета_Тройчева
944 _aED
_c25.11.2016
_lф /
_kЛюдмила_Стоянова
999 _c182804
_d182804